[Event "Hastings Challengers 1991/92"]
[Site "Hastings"]
[Date "1992.01.03"]
[Round "7"]
[White "Conquest, Stuart C"]
[Black "Palatnik, Semon"]
[Result "1/2-1/2"]
[WhiteElo "2465"]
[BlackElo "2470"]
[PlyCount "94"]
[EventDate "1991.12.28"]
[EventType "swiss"]
[EventRounds "9"]
[EventCountry "ENG"]
[SourceTitle "BritBase"]
[Source "John Saunders"]
[SourceDate "2024.12.03"]
[SourceVersion "1"]
[SourceVersionDate "2024.12.03"]
[SourceQuality "1"]

1. e4 Nf6 2. e5 Nd5 3. d4 d6 4. c4 Nb6 5. exd6 cxd6 6. Nc3 g6 7. Be3 Bg7 8. Qd2 Nc6 9. O-O-O O-O 10. h3 d5 11. c5 Nc4 12. Bxc4 dxc4 13. Nf3 Bf5 14. Bh6 Nb4 15. g4 Nd3+ 16. Kb1 Bd7 17. Bxg7 Kxg7 18. Qe3 e6 19. Ne5 Bc6 20. Rhg1 Qf6 21. f4 Nxf4 22. Rdf1 g5 23. h4 h6 24. hxg5 hxg5 25. Ne2 Nd5 26. Qc1 Qe7 27. Ng3 f6 28. Nxc4 Be8 29. Re1 Bg6+ 30. Ka1 Qd7 31. Qd2 Rh8 32. Nd6 Rh4 33. Nge4 Rah8 34. Nxg5 fxg5 35. Qxg5 Qd8 36. Qe5+ Qf6 37. Qxe6 Qxe6 38. Rxe6 Rh1 39. Ree1 Rxg1 40. Rxg1 b6 41. a3 Rh2 42. Rc1 Rd2 43. Nb5 bxc5 44. dxc5 a6 45. Nd6 Kf6 46. Rf1+ Kg5 47. Nf7+ Bxf7 1/2-1/2

[Event "Hastings Challengers 1991/92"]
[Site "Hastings"]
[Date "1992.01.03"]
[Round "7"]
[White "Emms, John M"]
[Black "Hebden, Mark L"]
[Result "0-1"]
[WhiteElo "2425"]
[BlackElo "2485"]
[PlyCount "108"]
[EventDate "1991.12.28"]
[EventType "swiss"]
[EventRounds "9"]
[EventCountry "ENG"]
[SourceTitle "BritBase"]
[Source "John Saunders"]
[SourceDate "2024.12.03"]
[SourceVersion "1"]
[SourceVersionDate "2024.12.03"]
[SourceQuality "1"]

1. e4 e5 2. Nf3 Nc6 3. Bb5 a6 4. Ba4 Nf6 5. O-O Be7 6. Re1 b5 7. Bb3 O-O 8. d3 d6 9. c3 Na5 10. Bc2 c5 11. Nbd2 Re8 12. Nf1 h6 13. Ng3 Bf8 14. a4 Bb7 15. d4 cxd4 16. cxd4 b4 17. d5 Bc8 18. Bd2 Rb8 19. Bd3 Nd7 20. Be3 Nc5 21. Bxc5 dxc5 22. Nd2 b3 23. Qe2 Rb4 24. Bxa6 Bxa6 25. Qxa6 c4 26. Rec1 Bc5 27. Nf5 Qa8 28. Qxa8 Rxa8 29. Ne3 Bxe3 30. fxe3 Kf8 31. Kf2 Ke7 32. Ke2 Kd6 33. g4 Kc5 34. Rc3 Kd6 35. h4 Rc8 36. h5 Rc5 37. Kf3 f6 38. Ke2 Kc7 39. Nf3 Nb7 40. Nd2 Kb6 41. Nf1 Ra5 42. Nd2 Nd6 43. Rcc1 Raxa4 44. Rab1 Ra2 45. Kf3 Kb5 46. Nf1 Nb7 47. Ng3 Nc5 48. Rd1 Nd3 49. Rd2 Kc5 50. Ke2 Nxb2 51. Rbxb2 Rxb2 52. Rxb2 c3 53. Rxb3 Rxb3 54. Nf5 Rb2+ 0-1

[Event "Hastings Challengers 1991/92"]
[Site "Hastings"]
[Date "1992.01.03"]
[Round "7"]
[White "Flear, Glenn C"]
[Black "Levitt, Jonathan P"]
[Result "1-0"]
[WhiteElo "2515"]
[BlackElo "2465"]
[PlyCount "85"]
[EventDate "1991.12.28"]
[EventType "swiss"]
[EventRounds "9"]
[EventCountry "ENG"]
[SourceTitle "BritBase"]
[Source "John Saunders"]
[SourceDate "2024.12.03"]
[SourceVersion "1"]
[SourceVersionDate "2024.12.03"]
[SourceQuality "1"]

1. d4 Nf6 2. c4 e6 3. Nc3 Bb4 4. Qc2 O-O 5. a3 Bxc3+ 6. Qxc3 b6 7. Bg5 Bb7 8. Nf3 d6 9. Nd2 Nbd7 10. f3 c5 11. e4 Re8 12. Be2 Nd5 13. cxd5 Qxg5 14. dxe6 Qxg2 15. O-O-O Qxe2 16. exd7 Red8 17. dxc5 Rxd7 18. Nc4 Qf2 19. Rxd6 Rc7 20. Rhd1 h5 21. cxb6 axb6 22. Kb1 Qxh2 23. Qd4 Rac8 24. Nxb6 Qc2+ 25. Ka2 Ba6 26. Rg1 Bc4+ 27. Ka1 f6 28. Rd8+ Kh7 29. Rxc8 Rxc8 30. Qd7 Rg8 31. Nxc4 Qxc4 32. Qf5+ g6 33. Qxf6 Qc2 34. e5 Ra8 35. e6 Qd3 36. Qf7+ Kh6 37. Qf4+ Kh7 38. Qf7+ Kh6 39. Qe7 Qxf3 40. Qg5+ Kg7 41. Qxg6+ Kf8 42. Qg7+ Ke8 43. Qd7+ 1-0

[Event "Hastings Challengers 1991/92"]
[Site "Hastings"]
[Date "1992.01.03"]
[Round "7"]
[White "Howell, James C"]
[Black "Timoscenko, Gennadij A"]
[Result "1-0"]
[WhiteElo "2445"]
[BlackElo "2505"]
[PlyCount "61"]
[EventDate "1991.12.28"]
[EventType "swiss"]
[EventRounds "9"]
[EventCountry "ENG"]
[SourceTitle "BritBase"]
[Source "John Saunders"]
[SourceDate "2024.12.03"]
[SourceVersion "1"]
[SourceVersionDate "2024.12.03"]
[SourceQuality "1"]

1. e4 c5 2. Nf3 d6 3. d4 cxd4 4. Nxd4 Nf6 5. Nc3 a6 6. Bg5 e6 7. f4 Nbd7 8. Qe2 Qc7 9. O-O-O Be7 10. g4 h6 11. Bh4 g5 12. fxg5 Nh7 13. Nf5 hxg5 14. Bg3 Ne5 15. Nxe7 Kxe7 16. h4 Bd7 17. Qd2 Rhg8 18. Be2 b5 19. a3 Rab8 20. hxg5 Nxg5 21. Rh6 a5 22. Bh4 f6 23. Rxf6 Kxf6 24. Qf4+ Ke7 25. Bxg5+ Ke8 26. Qf6 Rxg5 27. Qxg5 Nf7 28. Qg6 Qd8 29. Rh1 Kf8 30. Rh7 Qe7 31. Rg7 1-0

[Event "Hastings Challengers 1991/92"]
[Site "Hastings"]
[Date "1992.01.03"]
[Round "7"]
[White "Janovsky, Sergey"]
[Black "Tseitlin, Mikhail S"]
[Result "1-0"]
[WhiteElo "2425"]
[BlackElo "2480"]
[PlyCount "45"]
[EventDate "1991.12.28"]
[EventType "swiss"]
[EventRounds "9"]
[EventCountry "ENG"]
[SourceTitle "BritBase"]
[Source "John Saunders"]
[SourceDate "2024.12.03"]
[SourceVersion "1"]
[SourceVersionDate "2024.12.03"]
[SourceQuality "1"]

1. e4 c6 2. d4 d5 3. Nc3 dxe4 4. Nxe4 Nf6 5. Nxf6+ gxf6 6. c3 h5 7. Be2 h4 8. Bf4 Bf5 9. Nf3 e6 10. Qb3 Qb6 11. Nd2 c5 12. Nc4 Qxb3 13. axb3 Nc6 14. dxc5 Rg8 15. b4 e5 16. Be3 Rxg2 17. Bf3 Rg8 18. b5 Nd8 19. Nb6 Rb8 20. Nd5 Rg6 21. Rxa7 Bd3 22. c6 bxc6 23. Nc7+ 1-0

[Event "Hastings Challengers 1991/92"]
[Site "Hastings"]
[Date "1992.01.03"]
[Round "7"]
[White "Kosten, Anthony C"]
[Black "Arkell, Keith C"]
[Result "1/2-1/2"]
[WhiteElo "2535"]
[BlackElo "2455"]
[PlyCount "98"]
[EventDate "1991.12.28"]
[EventType "swiss"]
[EventRounds "9"]
[EventCountry "ENG"]
[SourceTitle "BritBase"]
[Source "John Saunders"]
[SourceDate "2024.12.03"]
[SourceVersion "1"]
[SourceVersionDate "2024.12.03"]
[SourceQuality "1"]

1. e4 c6 2. d4 d5 3. exd5 cxd5 4. c4 Nf6 5. Nc3 g6 6. Qb3 Bg7 7. cxd5 O-O 8. Be2 Nbd7 9. Bf3 Nb6 10. Bg5 Bg4 11. Bxf6 Bxf3 12. Nxf3 exf6 13. O-O Qd7 14. Rfe1 Rfd8 15. a4 Bf8 16. Ne4 Kg7 17. d6 Bxd6 18. Nc5 Qc6 19. a5 Bxc5 20. dxc5 Nd5 21. Qc4 b5 22. axb6 axb6 23. b4 bxc5 24. bxc5 Nb6 25. Rxa8 Rxa8 26. Qd4 Nd7 27. Rc1 Ra5 28. h4 h5 29. Qe3 Rxc5 30. Rxc5 Qxc5 31. Qxc5 Nxc5 32. g3 f5 33. Kg2 Ne6 34. Ne5 f4 35. Nd7 f6 36. Kf3 fxg3 37. fxg3 Kf7 38. Nb6 Nd4+ 39. Kf2 Ke6 40. Nc4 Kf5 41. Nd6+ Ke5 42. Nc4+ Ke4 43. Nb6 f5 44. Nd7 Nc6 45. Nf6+ Ke5 46. Nd7+ Kd4 47. Kf3 Kd5 48. Nf8 Nd4+ 49. Ke3 f4+ 1/2-1/2

[Event "Hastings Challengers 1991/92"]
[Site "Hastings"]
[Date "1992.01.03"]
[Round "7"]
[White "Mestel, A Jonathan"]
[Black "Webster, Andrew A"]
[Result "1/2-1/2"]
[WhiteElo "2520"]
[BlackElo "2340"]
[PlyCount "63"]
[EventDate "1991.12.28"]
[EventType "swiss"]
[EventRounds "9"]
[EventCountry "ENG"]
[SourceTitle "BritBase"]
[Source "John Saunders"]
[SourceDate "2024.12.03"]
[SourceVersion "1"]
[SourceVersionDate "2024.12.03"]
[SourceQuality "1"]

1. c4 g6 2. e4 Bg7 3. d4 d6 4. Nc3 Nc6 5. Be3 e5 6. d5 Nce7 7. g4 f5 8. gxf5 gxf5 9. Qh5+ Ng6 10. exf5 Qh4 11. Qf3 N6e7 12. Bd3 Nh6 13. Bxh6 Qxh6 14. Nb5 Kd8 15. Ne2 Rf8 16. Ng3 Qf4 17. Qe4 Nxf5 18. Qxf4 exf4 19. Nxf5 Bxf5 20. Bxf5 Rxf5 21. Rg1 Rf7 22. O-O-O Kd7 23. Nd4 Bxd4 24. Rxd4 Re8 25. Rg4 f3 26. Rge4 Rfe7 27. Rxe7+ Rxe7 28. Kd1 Re2 29. Rd2 Re4 30. b3 Rh4 31. Rd3 Rh3 32. Kd2 1/2-1/2

[Event "Hastings Challengers 1991/92"]
[Site "Hastings"]
[Date "1992.01.03"]
[Round "7"]
[White "Motwani, Paul"]
[Black "Gurevich, Ilya"]
[Result "0-1"]
[WhiteElo "2440"]
[BlackElo "2495"]
[PlyCount "198"]
[EventDate "1991.12.28"]
[EventType "swiss"]
[EventRounds "9"]
[EventCountry "ENG"]
[SourceTitle "BritBase"]
[Source "John Saunders"]
[SourceDate "2024.12.03"]
[SourceVersion "1"]
[SourceVersionDate "2024.12.03"]
[SourceQuality "1"]

1. e4 c5 2. c3 e6 3. d4 d5 4. e5 Nc6 5. Nf3 Qb6 6. a3 c4 7. Nbd2 Na5 8. Be2 Bd7 9. O-O Ne7 10. Re1 Ng6 11. g3 Be7 12. h4 f5 13. h5 Nf8 14. Rb1 g5 15. b4 cxb3 16. c4 g4 17. Nh2 Bc6 18. c5 Qc7 19. Bb2 Bg5 20. Nhf1 Rg8 21. Bc3 Ba4 22. Bd3 Nc6 23. Nxb3 Qf7 24. f4 gxf3 25. Qxf3 Bd8 26. Nc1 b6 27. Bb5 Bxb5 28. Rxb5 Rg4 29. Ne2 a6 30. Rxb6 Bxb6 31. cxb6 Qxh5 32. Nf4 Qg5 33. Kf2 Rb8 34. Ne3 Rxf4 35. gxf4 Qh4+ 36. Ke2 Ng6 37. Rh1 Qxf4 38. Rxh7 Qxf3+ 39. Kxf3 Rxb6 40. Rh6 Kf7 41. Rh7+ Ke8 42. Rh6 Nge7 43. Ke2 Rb3 44. Kd2 Kd7 45. Ng2 Rxa3 46. Nf4 Ra2+ 47. Kc1 Nd8 48. Rh7 Ndc6 49. Rh6 Ra4 50. Nxe6 Rc4 51. Kb2 a5 52. Nc5+ Kc7 53. Nb3 a4 54. Nd2 a3+ 55. Kc2 Ra4 56. Kb3 Ra6 57. Rh1 a2 58. Ra1 f4 59. Rxa2 Rxa2 60. Kxa2 Kd7 61. Kb3 Ke6 62. Ka4 Ng6 63. Kb5 Nce7 64. Kc5 Nh4 65. Ba5 Kd7 66. Nf1 Nf3 67. Bd2 Ng5 68. Bxf4 Ne6+ 69. Kb4 Nxf4 70. Ne3 Ke6 71. Kc5 Nf5 72. Nxd5 Nxd5 73. Kc4 Ng7 74. Kc5 Ne8 75. Kc6 Nec7 76. Kc5 Kd7 77. Kc4 Kc6 78. Kd3 Ne6 79. Ke4 Ne7 80. Kd3 Kd5 81. Ke3 Nf5+ 82. Kd3 Nfxd4 83. Ke3 Nb3 84. Kd3 Nbc5+ 85. Ke3 Kc4 86. Ke2 Kd4 87. Kd2 Nb3+ 88. Kc2 Kc4 89. Kb2 Nbd4 90. Ka3 Nc2+ 91. Kb2 Ne3 92. Ka3 Nd1 93. Ka4 Nb2+ 94. Ka3 Kc3 95. Ka2 Nc4 96. Kb1 Kd2 97. Ka1 Kc1 98. Ka2 Kc2 99. Ka1 Nd4 0-1

[Event "Hastings Challengers 1991/92"]
[Site "Hastings"]
[Date "1992.01.03"]
[Round "7"]
[White "Ruban, Vadim"]
[Black "Cooper, John Grantley"]
[Result "1-0"]
[WhiteElo "2575"]
[BlackElo "2370"]
[PlyCount "51"]
[EventDate "1991.12.28"]
[EventType "swiss"]
[EventRounds "9"]
[EventCountry "ENG"]
[SourceTitle "BritBase"]
[Source "John Saunders"]
[SourceDate "2024.12.03"]
[SourceVersion "1"]
[SourceVersionDate "2024.12.03"]
[SourceQuality "1"]

1. d4 d5 2. c4 e6 3. Nf3 c5 4. cxd5 exd5 5. Bg5 f6 6. Bd2 Nc6 7. Bc3 Bg4 8. Nbd2 Qb6 9. dxc5 Bxc5 10. e3 Nge7 11. Be2 Nf5 12. Qa4 Bxf3 13. Nxf3 O-O 14. Bd3 Nd6 15. O-O f5 16. Bc2 Ne4 17. Bb3 Rad8 18. Rad1 Kh8 19. Rxd5 Bxe3 20. fxe3 Qxe3+ 21. Kh1 Nf2+ 22. Rxf2 Qxf2 23. h3 Rxd5 24. Bxd5 Ne7 25. Qb4 Qe3 26. Ne5 1-0

[Event "Hastings Challengers 1991/92"]
[Site "Hastings"]
[Date "1992.01.03"]
[Round "7"]
[White "Sadler, Matthew D"]
[Black "Crouch, Colin S"]
[Result "1/2-1/2"]
[WhiteElo "2480"]
[BlackElo "2365"]
[PlyCount "39"]
[EventDate "1991.12.28"]
[EventType "swiss"]
[EventRounds "9"]
[EventCountry "ENG"]
[SourceTitle "BritBase"]
[Source "John Saunders"]
[SourceDate "2024.12.03"]
[SourceVersion "1"]
[SourceVersionDate "2024.12.03"]
[SourceQuality "1"]

1. d4 d5 2. c4 e6 3. Nc3 Nf6 4. cxd5 exd5 5. Bg5 Be7 6. e3 c6 7. Bd3 Nbd7 8. Qc2 Nh5 9. Bxe7 Qxe7 10. Nge2 g6 11. O-O-O Nb6 12. Ng3 Nf6 13. Rhe1 Be6 14. f3 O-O-O 15. Kb1 Ne8 16. Nge2 Kb8 17. Nc1 Nd6 18. Nb3 Rhe8 19. Qf2 f5 20. Nc5 1/2-1/2

[Event "Hastings Challengers 1991/92"]
[Site "Hastings"]
[Date "1992.01.04"]
[Round "8"]
[White "Arkell, Keith C"]
[Black "Wells, Peter K"]
[Result "0-1"]
[WhiteElo "2455"]
[BlackElo "2465"]
[PlyCount "104"]
[EventDate "1991.12.28"]
[EventType "swiss"]
[EventRounds "9"]
[EventCountry "ENG"]
[SourceTitle "BritBase"]
[Source "John Saunders"]
[SourceDate "2024.12.03"]
[SourceVersion "1"]
[SourceVersionDate "2024.12.03"]
[SourceQuality "1"]

1. d4 Nf6 2. Nf3 d5 3. c4 e6 4. Nc3 c6 5. cxd5 exd5 6. Bg5 Be7 7. e3 Bf5 8. Bd3 Bxd3 9. Bxf6 Bxf6 10. Qxd3 O-O 11. b4 a6 12. a4 Be7 13. Rb1 b5 14. O-O a5 15. bxa5 b4 16. Na2 Qxa5 17. Qb3 Na6 18. Ne5 Rfc8 19. Rfc1 Qb6 20. Rc2 Bd6 21. Nd3 Rab8 22. g3 g6 23. Rcb2 Qd8 24. Qd1 Qa5 25. Nac1 h5 26. Ra2 Qc7 27. Nb3 h4 28. Qg4 hxg3 29. hxg3 Re8 30. Kg2 Kg7 31. Rc2 Re4 32. Qf3 Rh8 33. Rh1 Rxh1 34. Kxh1 Qd7 35. Kg2 Re8 36. a5 g5 37. Rc1 g4 38. Qe2 Qf5 39. Nd2 Rc8 40. Ne5 Bxe5 41. dxe5 Rh8 42. Rh1 Rxh1 43. Kxh1 Nc5 44. Kg2 b3 45. a6 b2 46. a7 Nb3 47. e4 Qh5 48. f3 Qh3+ 49. Kf2 Nxd2 50. a8=Q Qh2+ 51. Ke3 Nc4+ 52. Qxc4 dxc4 0-1

[Event "Hastings Challengers 1991/92"]
[Site "Hastings"]
[Date "1992.01.04"]
[Round "8"]
[White "Ledger, Andrew J"]
[Black "Mestel, A Jonathan"]
[Result "1/2-1/2"]
[WhiteElo "2345"]
[BlackElo "2520"]
[PlyCount "69"]
[EventDate "1991.12.28"]
[EventType "swiss"]
[EventRounds "9"]
[EventCountry "ENG"]
[SourceTitle "BritBase"]
[Source "John Saunders"]
[SourceDate "2024.12.03"]
[SourceVersion "1"]
[SourceVersionDate "2024.12.03"]
[SourceQuality "1"]

1. c4 g6 2. Nc3 Bg7 3. g3 e5 4. Bg2 d6 5. d3 f5 6. e3 Nf6 7. Nge2 O-O 8. O-O a5 9. b3 c6 10. Ba3 Na6 11. d4 Nb4 12. Qd2 Qc7 13. Bb2 Be6 14. a3 Na6 15. Rac1 Bf7 16. Rfd1 Rae8 17. Qc2 e4 18. Bh3 h5 19. d5 Ng4 20. Bxg4 hxg4 21. Nb5 cxb5 22. Bxg7 Kxg7 23. Qb2+ Kh7 24. cxb5 Nc5 25. b4 axb4 26. axb4 Nd3 27. Rxd3 Qxc1+ 28. Qxc1 exd3 29. Nf4 Ra8 30. Qc3 Rfc8 31. Qf6 Rc7 32. Nxd3 Bxd5 33. b6 Rc2 34. e4 Bxe4 35. Qe7+ 1/2-1/2

[Event "Hastings Challengers 1991/92"]
[Site "Hastings"]
[Date "1992.01.04"]
[Round "8"]
[White "Parker, Jonathan F"]
[Black "Motwani, Paul"]
[Result "1/2-1/2"]
[WhiteElo "2335"]
[BlackElo "2440"]
[PlyCount "33"]
[EventDate "1991.12.28"]
[EventType "swiss"]
[EventRounds "9"]
[EventCountry "ENG"]
[SourceTitle "BritBase"]
[Source "John Saunders"]
[SourceDate "2024.12.03"]
[SourceVersion "1"]
[SourceVersionDate "2024.12.03"]
[SourceQuality "1"]

1. d4 e6 2. Nf3 c5 3. e3 Nf6 4. Bd3 b6 5. Nbd2 Bb7 6. O-O d5 7. b3 g6 8. Bb2 Bg7 9. c4 O-O 10. Rc1 cxd4 11. exd4 dxc4 12. Nxc4 Nc6 13. Ba3 Nxd4 14. Nxd4 Qxd4 15. Bxf8 Rxf8 16. Be2 Qh4 17. Bf3 1/2-1/2

[Event "Hastings Challengers 1991/92"]
[Site "Hastings"]
[Date "1992.01.04"]
[Round "8"]
[White "Suba, Mihai"]
[Black "Hennigan, Michael T"]
[Result "1-0"]
[WhiteElo "2520"]
[BlackElo "2300"]
[PlyCount "55"]
[EventDate "1991.12.28"]
[EventType "swiss"]
[EventRounds "9"]
[EventCountry "ENG"]
[SourceTitle "BritBase"]
[Source "John Saunders"]
[SourceDate "2024.12.03"]
[SourceVersion "1"]
[SourceVersionDate "2024.12.03"]
[SourceQuality "1"]

1. c4 Nf6 2. d4 g6 3. Nc3 Bg7 4. e4 d6 5. h3 O-O 6. Bg5 c6 7. Nf3 Na6 8. a3 Nc7 9. Bd3 b5 10. cxb5 Nxb5 11. Nxb5 cxb5 12. O-O Bb7 13. Re1 a6 14. Qb3 Qd7 15. Rad1 Rac8 16. Bb1 Rc4 17. d5 e6 18. dxe6 Qxe6 19. e5 dxe5 20. Rxe5 Qc6 21. Qe3 Ne4 22. Bh6 Bxh6 23. Qxh6 Rc8 24. Re1 Nf6 25. Ba2 Re4 26. Bxf7+ Kxf7 27. R5xe4 Nxe4 28. Ne5+ 1-0

[Event "Hastings Challengers 1991/92"]
[Site "Hastings"]
[Date "1992.01.04"]
[Round "8"]
[White "Summerscale, Aaron P"]
[Black "Ruban, Vadim"]
[Result "1/2-1/2"]
[WhiteElo "2325"]
[BlackElo "2575"]
[PlyCount "76"]
[EventDate "1991.12.28"]
[EventType "swiss"]
[EventRounds "9"]
[EventCountry "ENG"]
[SourceTitle "BritBase"]
[Source "John Saunders"]
[SourceDate "2024.12.03"]
[SourceVersion "1"]
[SourceVersionDate "2024.12.03"]
[SourceQuality "1"]

1. d4 g6 2. e4 Bg7 3. Nf3 d6 4. c3 Nf6 5. Bd3 O-O 6. O-O c5 7. dxc5 dxc5 8. Qe2 Qc7 9. Bg5 Nc6 10. Nbd2 h6 11. Bh4 Nh5 12. Qe3 b6 13. Rfe1 Nf4 14. Bg3 e5 15. Bf1 g5 16. a4 Ne7 17. Nc4 Bb7 18. Qd2 Rad8 19. Qc2 f5 20. Nfd2 Nxg2 21. Bxg2 f4 22. h3 fxg3 23. fxg3 Qd7 24. Nf1 g4 25. h4 Qe6 26. Nfe3 h5 27. Rad1 Bc6 28. Rxd8 Rxd8 29. Rd1 Rxd1+ 30. Qxd1 Qd7 31. Qxd7 Bxd7 32. b3 Kf7 33. Nd6+ Kf6 34. Bf1 Bh6 35. Kf2 Ke6 36. Nb5 Nc8 37. Bc4+ Kf6 38. Bd5 Bxe3+ 1/2-1/2

[Event "Hastings Challengers 1991/92"]
[Site "Hastings"]
[Date "1992.01.04"]
[Round "8"]
[White "Timoscenko, Gennadij A"]
[Black "Jackson, Oliver A"]
[Result "1-0"]
[WhiteElo "2505"]
[BlackElo "2345"]
[PlyCount "39"]
[EventDate "1991.12.28"]
[EventType "swiss"]
[EventRounds "9"]
[EventCountry "ENG"]
[SourceTitle "BritBase"]
[Source "John Saunders"]
[SourceDate "2024.12.03"]
[SourceVersion "1"]
[SourceVersionDate "2024.12.03"]
[SourceQuality "1"]

1. d4 Nf6 2. c4 e5 3. dxe5 Ng4 4. Bf4 Bb4+ 5. Nc3 Nc6 6. Nf3 Qe7 7. Qd5 f6 8. exf6 Nxf6 9. Qd3 Ne4 10. Bd2 Bxc3 11. Bxc3 O-O 12. e3 Nb4 13. Qd1 b6 14. Be2 Bb7 15. O-O Nxc3 16. bxc3 Na6 17. Nd2 Nc5 18. Bf3 Bxf3 19. Nxf3 Rf6 20. Qd5+ 1-0

[Event "Hastings Challengers 1991/92"]
[Site "Hastings"]
[Date "1992.01.04"]
[Round "8"]
[White "Webster, Andrew A"]
[Black "Conquest, Stuart C"]
[Result "0-1"]
[WhiteElo "2340"]
[BlackElo "2465"]
[PlyCount "88"]
[EventDate "1991.12.28"]
[EventType "swiss"]
[EventRounds "9"]
[EventCountry "ENG"]
[SourceTitle "BritBase"]
[Source "John Saunders"]
[SourceDate "2024.12.03"]
[SourceVersion "1"]
[SourceVersionDate "2024.12.03"]
[SourceQuality "1"]

1. c4 e6 2. Nf3 Nf6 3. g3 d5 4. b3 b6 5. Bg2 Bb7 6. O-O Nbd7 7. Bb2 Bd6 8. cxd5 exd5 9. Nd4 g6 10. Qc2 c5 11. Nb5 Be7 12. d3 O-O 13. Nd2 a6 14. Nc3 b5 15. e4 d4 16. Nd5 Nxd5 17. exd5 Qb6 18. Rfe1 Rfe8 19. Rac1 Bf8 20. Re4 Nf6 21. b4 Nxe4 22. Nxe4 c4 23. dxc4 bxc4 24. Qxc4 Rac8 25. Qb3 Rxc1+ 26. Bxc1 Bg7 27. Bd2 Re5 28. Nc5 Bc8 29. Qd3 h5 30. h4 Kh7 31. Qc4 Re8 32. Kh2 Qf6 33. Bf4 Bh6 34. Bxh6 Kxh6 35. Qc1+ Kg7 36. Qd2 Bf5 37. Bf1 Rd8 38. Bc4 d3 39. Nxd3 Bxd3 40. Qxd3 Qxf2+ 41. Kh3 Rd6 42. Qf1 Qb6 43. Kg2 Qxb4 44. Bxa6 Qe4+ 0-1

[Event "Hastings Challengers 1991/92"]
[Site "Hastings"]
[Date "1992.01.05"]
[Round "9"]
[White "Conquest, Stuart C"]
[Black "McDonald, Neil R"]
[Result "1-0"]
[WhiteElo "2465"]
[BlackElo "2390"]
[PlyCount "71"]
[EventDate "1991.12.28"]
[EventType "swiss"]
[EventRounds "9"]
[EventCountry "ENG"]
[SourceTitle "BritBase"]
[Source "John Saunders"]
[SourceDate "2024.12.03"]
[SourceVersion "1"]
[SourceVersionDate "2024.12.03"]
[SourceQuality "1"]

1. e4 b6 2. d4 Bb7 3. Bd3 Nc6 4. c3 e6 5. Ne2 Nh6 6. O-O d5 7. e5 g6 8. Nd2 Nf5 9. b4 h5 10. a4 a5 11. b5 Nce7 12. Nf3 Bh6 13. h3 c6 14. Ba3 g5 15. g4 hxg4 16. hxg4 Nh4 17. Ng3 c5 18. Nxh4 gxh4 19. Nh5 Qc7 20. Qf3 O-O-O 21. Qxf7 Kb8 22. dxc5 Rdf8 23. Qxe6 bxc5 24. b6 Qc8 25. Qxc8+ Rxc8 26. f4 Rc6 27. Nf6 c4 28. Bc2 Nc8 29. Rab1 h3 30. Kh2 d4 31. Nd7+ Ka8 32. Rb5 d3 33. Rxa5+ Ba6 34. Bd1 Kb7 35. Nc5+ Rxc5 36. Bxc5 1-0

[Event "Hastings Challengers 1991/92"]
[Site "Hastings"]
[Date "1992.01.05"]
[Round "9"]
[White "Flear, Glenn C"]
[Black "Hebden, Mark L"]
[Result "1/2-1/2"]
[WhiteElo "2515"]
[BlackElo "2485"]
[PlyCount "132"]
[EventDate "1991.12.28"]
[EventType "swiss"]
[EventRounds "9"]
[EventCountry "ENG"]
[SourceTitle "BritBase"]
[Source "John Saunders"]
[SourceDate "2024.12.03"]
[SourceVersion "1"]
[SourceVersionDate "2024.12.03"]
[SourceQuality "1"]

1. d4 Nf6 2. c4 g6 3. Nc3 Bg7 4. e4 d6 5. h3 O-O 6. Be3 Nbd7 7. Nf3 a6 8. Be2 c6 9. c5 b5 10. cxb6 Qxb6 11. Rb1 a5 12. O-O Ba6 13. Re1 Rfb8 14. e5 Nd5 15. Nxd5 cxd5 16. e6 fxe6 17. Ng5 Nf8 18. Bg4 Bc8 19. Qf3 Bf6 20. Nxe6 Nxe6 21. Qxd5 Kg7 22. Bxe6 Bb7 23. Qc4 Be4 24. Bh6+ Kxh6 25. Rxe4 Ra7 26. b3 Rc7 27. Qd3 Qb4 28. Rd1 Qc3 29. Qe2 Qc2 30. Bc4 Qxe2 31. Rxe2 a4 32. g3 a3 33. d5 Kg7 34. h4 h6 35. Kg2 Bc3 36. Rd3 Be5 37. f4 Bf6 38. Kh3 Rf8 39. Rde3 g5 40. hxg5 hxg5 41. Kg4 gxf4 42. gxf4 Rh8 43. Rh3 Rxh3 44. Kxh3 Rc8 45. Kg4 Kf7 46. Kf5 Rh8 47. b4 Bc3 48. b5 Bd4 49. Rd2 Bc5 50. Rd3 Rh5+ 51. Kg4 Rh2 52. Bb3 Ke8 53. Rc3 Kd8 54. Rc4 Kc7 55. Re4 Rh7 56. Kf5 Kb6 57. Bc4 Bb4 58. Ke6 Bd2 59. f5 Bg5 60. Rg4 Bf6 61. Rg3 Rh4 62. Bf1 Re4+ 63. Kd7 Re1 64. Bc4 Re4 65. Bf1 Re1 66. Bc4 Re4 1/2-1/2

[Event "Hastings Challengers 1991/92"]
[Site "Hastings"]
[Date "1992.01.05"]
[Round "9"]
[White "Giddins, Stephen W"]
[Black "Morris, Philip J"]
[Result "0-1"]
[WhiteElo "2260"]
[BlackElo "2385"]
[PlyCount "100"]
[EventDate "1991.12.28"]
[EventType "swiss"]
[EventRounds "9"]
[EventCountry "ENG"]
[SourceTitle "Giddins, Steve"]

1. d4 Nf6 2. c4 g6 3. Nf3 Bg7 4. g3 c6 5. Nc3 d5 6. Qb3 Qb6 7. Qxb6 axb6 8. cxd5 Nxd5 9. Nxd5 cxd5 10. e3 Nc6 11. Bd2 O-O 12. Be2 Bh3 13. Bc3 Rfc8 14. Ng5 Bd7 15. O-O Na5 16. Bd3 Nc4 17. Rfc1 e6 18. b3 Na3 19. Bb2 Rxc1+ 20. Rxc1 Bc6 21. Nf3 f6 22. Nd2 Bf8 23. Nb1 Nxb1 24. Bxb1 b5 25. Kf1 g5 26. Ke2 Bd6 27. Kd2 b4 28. Ke2 g4 29. h3 gxh3 30. Rh1 Be8 31. f3 Bg6 32. e4 Bxg3 33. Rxh3 Bf4 34. Rh1 Rc8 35. Bd3 Kg7 36. Ra1 Ra8 37. a3 bxa3 38. Rxa3 Rxa3 39. Bxa3 h5 40. exd5 Bxd3+ 41. Kxd3 exd5 42. Bc5 h4 43. Ke2 h3 44. Kf2 b5 45. Bb6 Kg6 46. Bc5 Kg5 47. Be7 Be3+ 48. Kg3 Bxd4 49. Kxh3 Kf4 50. Kg2 f5 0-1